000 00531nam a22001937a 4500
003 330010
005 20260202142327.0
008 260202b sa ||||| |||| 00| 0 eng d
020 _a9781422218150
_qpbk
040 _c3228
041 _2E
082 0 _a690.2 MAL
100 _aMILLER MALINDA
245 _aGreen Construction :
_bCreating Energy-Efficient, Low-Impact Buildings
250 _a1st Ed.
260 _aBroomall, Pennsylvania
_bMason Crest Publishers Inc
_c2011
300 _a64 pages
_c24 cm
942 _2ddc
_cBOOK
_w190
_xDudu Mondlane
_y190
_zDudu Mondlane
999 _c792040
_d792039